| 000 | 01070nas a22002177a 4500 | ||
|---|---|---|---|
| 001 | K121239 | ||
| 007 | ta | ||
| 008 | 200325b2020 ||||| |||| 00| 0 eng d | ||
| 041 | _aeng | ||
| 100 | _aWatson, Stuart | ||
| 245 | _aLessons to be learned | ||
| 260 | _c2020 | ||
| 490 |
_aRICS Modus _vMarch 2020, 30-34(5) |
||
| 520 | _aA panel of experts discusses whether surveying has a skills gap with graduates not properly prepared to enter the profession or whether the issue is the gap between cutting-edge courses and the old-fashioned image of the profession. Panel included Shane Balzan, Associate Director of Education and Qualification Standards at RICS, Professor Mike Riley, Pro-Vice Chancellor at Liverpool John Moores University, Chris Welch, chairman of the Apprenticeship Trailblazers in Surveying employer working group and Jordanne Wilson, apprentice building surveyor at Savills. | ||
| 650 | _aDIVERSITY | ||
| 650 | _aSURVEYING QUALIFICATIONS | ||
| 650 | _aAPPRENTICESHIPS | ||
| 650 | _aSKILLS GAP | ||
| 651 | _aUnited Kingdom | ||
| 690 |
_96277 _aRICS |
||
| 999 |
_c121239 _d121239 |
||